| 000 | 01019cam a2200289 a 4500 | ||
|---|---|---|---|
| 001 | 60047 | ||
| 005 | 20260317161500.0 | ||
| 008 | 171228s2017 ck a gr 000 fdspa | ||
| 020 | _a9789584261649 | ||
| 022 | _a9584261649 | ||
| 040 |
_aCO-BoBN _bspa _cCO-BoBN _erda |
||
| 082 | 0 | 4 |
_aCo863.861 _bM539h _223 |
| 084 | _aN MEN1 | ||
| 100 | 1 |
_aMendoza Zambrano, Mario, _d1964- _e23 _940723 |
|
| 245 | 1 | 3 |
_aEl Mensajero de Agartha 7: _bEl hijo del carpintero / _cMario Mendoza ; ilustraciones, Book and Play Studio |
| 250 | _aTercera edición | ||
| 264 | 1 |
_aBogotá; Colombia _bEditorial Planeta Colombia _c2022 |
|
| 300 |
_a191 páginas _bilustraciones en blanco y negro _c21 cm |
||
| 336 |
_atexto _btxt _2rdacontenido |
||
| 337 |
_ano mediado _bn _2rdamedio |
||
| 338 |
_avolumen _bnc _2rdasoporte |
||
| 490 | 0 |
_aEl mensajero de Agartha ; _v7 |
|
| 500 | _aIncluye datos biográficos del autor | ||
| 650 | 1 | 4 |
_aNovela juvenil colombiana _ySiglo XXI _2LEMB _962960 |
| 710 | 2 |
_aBook and Play Studio, _967621 |
|
| 942 | _cBKLIT | ||
| 999 |
_c60047 _d60047 |
||